000 02450nam a22002417a 4500
005 20251120130721.0
008 251105b ||||| |||| 00| 0 eng d
245 _aInfographic Learning Resource Materials in Science 10
_b/ Guirnaldo, Cathry R.... [et al.].
260 _cAugust 2023
300 _a81 leaves :
_c28 cm.
336 _2rdacontent
_atext
337 _2rdamedia
_aunmediated
338 _2rdacarrier
_avolume
502 _aThesis
_bBachelor of Secondary Education Major in Science
_cUniversity of Rizal System-Morong
_d2023
520 _aThe Infographic Learning Resource Materials in Science 10 were developed through the integration of graphic organizers, diagrams, and learning activities and through the Canva design tool. It was conducted in selected secondary schools in the Division of Rizal and was carried out during the Academic Year 2022-2023. The study made use of developmental and descriptive research. The most difficult topic and competencies in Science 10 using 265 Grades 11 and 12 in the Laboratory School in the University of Rizal System (URS) served as the bases in developing the material aside form the Most Essential Competencies. The materials ware validated by experts in URS and were evaluated by 30 experts in Biology in the Department of Education in Division of Rizal using the Department's prescribed evaluation rating sheet for print materials Comments and suggestions for improvement were incorporated in terms of content, format, presentation an organization, and accuracy and up-to datedness information. Experts’ evaluation was Very Satisfactory across all conceptual and factual errors were not present. and showed evidences of accuracy and up-to- datedness of information. Minimal errors in grammars were addressed. Experts recommended the utilization of Infographic Learning Resource Materials in the grade 10 after several revisions. Evaluators recommended utilization of the infographic learning resource in Science 10 after addressing all the issues and incorporating their suggestions.
700 _aGuirnaldo, Cathy R.
_eauthor
700 _aOlisia, John Paul V.
_eauthor
700 _aAñis, Nerrise Joy V.
_eauthor
700 _aAntazo, Rina C.
_edegree supervisor
856 _3Online Request for Student Unpublished Works
_uhttps://forms.gle/7LqvGGkaDrUQqz429
856 _uhttps://drive.google.com/file/d/18MnioR_gDSnVtrUWXsyNw4ksf8XeebyG/view?usp=drive_link
942 _2lcc
_cT
999 _c89039
_d89036